000
00265nam a2200121Ia 4500
008
190216s9999||||xx |||||||||||||| ||und||
100
_a
Dr.Chandralekha
245
0
_a
Hindi-Samvad
260
_b
Neeraj Books
_c
2006
300
_a
120
650
_a
Hindi
942
_c
BK
999
_c
16711
_d
16711